[Event "Tasmania-ch"]
[Site "Havenview"]
[Date "2016.06.11"]
[Round "3"]
[White "Kuzmic, Dylan"]
[Black "Bonham, Kevin"]
[Result "0-1"]
[WhiteElo "1622"]
[BlackElo "1886"]
[PlyCount "48"]
[EventDate "2016.06.11"]
[EventType "swiss"]
[EventRounds "7"]
[EventCountry "AUS"]
[SourceTitle "EXT 2018"]
[Source "ChessBase"]
[SourceDate "2017.10.13"]
[SourceVersion "1"]
[SourceVersionDate "2017.10.13"]
[SourceQuality "1"]

1. e4 e6 2. Nf3 d5 3. exd5 exd5 4. d4 Bd6 5. Nc3 c6 6. Bd3 Ne7 7. Be3 Bf5 8. Bxf5 Nxf5 9. Qd3 Nh4 10. Nxh4 Qxh4 11. 0-0-0 Nd7 12. Qd2 0-0 13. g3 Qd8 14. Ne2 Nb6 15. b3 a5 16. c3 Re8 17. Qd3 a4 18. b4 Nc4 19. Bf4 Re4 20. Rde1 Qe7 21. Bxd6 Nxd6 22. Kd1 Nc4 23. Qc2 Re8 24. h4 a3 0-1

[Event "Tasmania-ch"]
[Site "Havenview"]
[Date "2016.06.11"]
[Round "2"]
[White "Kuzmic, Dylan"]
[Black "McMahon, Denis"]
[Result "1/2-1/2"]
[WhiteElo "1622"]
[BlackElo "1723"]
[PlyCount "75"]
[EventDate "2016.06.11"]
[EventType "swiss"]
[EventRounds "7"]
[EventCountry "AUS"]
[SourceTitle "EXT 2018"]
[Source "ChessBase"]
[SourceDate "2017.10.13"]
[SourceVersion "1"]
[SourceVersionDate "2017.10.13"]
[SourceQuality "1"]

1. e4 d5 2. e5 c5 3. Nf3 Nc6 4. Bb5 Bd7 5. Bxc6 Bxc6 6. d4 e6 7. c3 Qd7 8. Be3 c4 9. Nbd2 Ne7 10. b3 b5 11. 0-0 Nf5 12. Re1 Be7 13. Bg5 0-0 14. Bxe7 Qxe7 15. h3 a5 16. Qc2 g6 17. Nh2 Ng7 18. Ng4 Nh5 19. Nf3 f5 20. exf6 Nxf6 21. Nxf6+ Rxf6 22. Re3 Bd7 23. Rae1 b4 24. bxc4 dxc4 25. Ne5 Qd6 26. cxb4 axb4 27. Nxd7 Qxd7 28. Qxc4 Qd5 29. Qxd5 exd5 30. Re8+ Rf8 31. Rxf8+ Kxf8 32. Rb1 Ra4 33. Rb2 Ke7 34. Kf1 Kd6 35. Rc2 Ra6 36. Ke2 Rc6 37. Kd3 Ra6 38. Kd2 1/2-1/2